A treatise on arches (Record no. 549229)
[ view plain ]
| 000 -LEADER | |
|---|---|
| fixed length control field | 00611cam a2200157K 4500 |
| 082 04 - DEWEY DECIMAL CLASSIFICATION NUMBER | |
| Classification number | 721.41 |
| Author Mark | HOW |
| -- | L-tech, P-83 |
| 100 1# - MAIN ENTRY--PERSONAL NAME | |
| Personal name | Howe, Malverd A. |
| 9 (RLIN) | 45775 |
| 245 12 - TITLE STATEMENT | |
| Title | A treatise on arches |
| Remainder of title | Designed for the use of engineers and students in technical schools. |
| Statement of responsibility, etc. | by Malverd A. Howe ... |
| 250 ## - EDITION STATEMENT | |
| Edition statement | 2d ed. rev. and enl. 1st thousand. |
| 260 ## - PUBLICATION, DISTRIBUTION, ETC. | |
| Place of publication, distribution, etc. | New York, |
| Name of publisher, distributor, etc. | J. Wiley & Sons; [etc.] |
| Date of publication, distribution, etc. | 1906. |
| 300 ## - PHYSICAL DESCRIPTION | |
| Extent | 1 online resource (xxiii, 369 p.) |
| Other physical details | diagrs. |
| 526 ## - STUDY PROGRAM INFORMATION NOTE | |
| Program name | 0 |
| Interest level | 0 |
| Reading level | 0 |
| Title point value | 721_410000000000000_HOW |
| 650 #0 - SUBJECT ADDED ENTRY--TOPICAL TERM | |
| Topical term or geographic name entry element | Arches. |
| 856 40 - ELECTRONIC LOCATION AND ACCESS | |
| Uniform Resource Identifier | <a href="http://catalog.hathitrust.org/api/volumes/oclc/2455376.html">http://catalog.hathitrust.org/api/volumes/oclc/2455376.html</a> |
| 942 ## - ADDED ENTRY ELEMENTS (KOHA) | |
| Source of classification or shelving scheme | |
| Koha item type | Book |
| Withdrawn status | Lost status | Source of classification or shelving scheme | Damaged status | Not for loan | Permanent Location | Current Location | Date acquired | Total Checkouts | Full call number | Barcode | Date last seen | Price effective from | Koha item type |
|---|---|---|---|---|---|---|---|---|---|---|---|---|---|
| Military College of Engineering (MCE) | Military College of Engineering (MCE) | 09/19/2014 | 721.41 HOW | MCE-40058 | 09/19/2014 | 09/19/2014 | Book |
